Philippines department of Social welfare : Its establishment and historical development (Record no. 1449630)

MARC details
000 -LEADER
fixed length control field 00615nam a2200169Ia 4500
005 - DATE AND TIME OF LATEST TRANSACTION
control field 20250923145309.0
008 - FIXED-LENGTH DATA ELEMENTS--GENERAL INFORMATION
fixed length control field 008 250917s9999 xx 000 0 eng d
037 ## - SOURCE OF ACQUISITION
Stock number Textual
040 ## - CATALOGING SOURCE
Original cataloging agency DSWL
Language of cataloging eng
Transcribing agency DSWL
041 ## - LANGUAGE CODE
Language code of text/sound track or separate title eng
Source of code eng
084 ## - COLON CLASSIFICATION NUMBER
Classification number YX
Assigning agency DSWL
100 ## - MAIN ENTRY--PERSONAL NAME
Personal name Guzman, Leonora S.
9 (RLIN) 833810
245 #0 - TITLE STATEMENT
Title Philippines department of Social welfare : Its establishment and historical development
Statement of responsibility, etc. by Leonora S. Guzman
260 ## - PUBLICATION, DISTRIBUTION, ETC.
Place of publication, distribution, etc. Manila
Name of publisher, distributor, etc. Philippines Bureau of Training , Research and Special Projects of Philippine Dept.of social welfare UNICEF
942 ## - ADDED ENTRY ELEMENTS (KOHA)
Koha item type Textual
Classification part YX
Holdings
Withdrawn status Lost status Damaged status Not for loan Home library Current library Date acquired Total Checkouts Full call number Barcode Date last seen Price effective from Koha item type
        Department of Social Work Library Department of Social Work Library 2025-09-23   YX SW0016834 2025-09-23 2025-09-23 Textual
Copyright @ Delhi University Library System